[Event "Quenza op 14th"]
[Site "Quenza"]
[Date "2025.07.06"]
[Round "9"]
[White "Johannsdottir, Johanna Bjorg"]
[Black "Terpereau, Albin"]
[Result "1-0"]
[WhiteElo "1997"]
[BlackElo "1881"]
[PlyCount "85"]
[EventDate "2025.07.06"]
[EventType "swiss (blitz)"]
[EventRounds "9"]
[EventCountry "FRA"]
[SourceTitle "CB29_2025"]
[SourceDate "2025.07.16"]
[SourceVersion "1"]
[SourceVersionDate "2025.07.16"]
[SourceQuality "1"]

1. e4 e6 2. d3 d5 3. Nd2 Nf6 4. Ngf3 dxe4 5. dxe4 Bc5 6. h3 0-0 7. Be2 a6 8. c3 b5 9. 0-0 Bb7 10. Qc2 Nbd7 11. e5 Nd5 12. Ne4 Ba7 13. Neg5 g6 14. Ne4 Nc5 15. Bg5 Qd7 16. Nf6+ Nxf6 17. exf6 Rfd8 18. Rad1 Qc6 19. Qc1 Ne4 20. Bh4 Bc5 21. Ne5 Qe8 22. Bf3 Nd6 23. Rxd6 cxd6 24. Bxb7 Ra7 25. Bc6 Qf8 26. Ng4 Rc7 27. Bf3 b4 28. c4 d5 29. b3 dxc4 30. bxc4 Rd3 31. Qf4 Bd6 32. Qe4 Rd2 33. Bg5 Rxa2 34. Bh6 Qc8 35. Bg7 h5 36. Nh6+ Kh7 37. Qe3 Bf8 38. g4 Ra3 39. Qf4 Bxg7 40. fxg7 Kxg7 41. gxh5 Rxc4 42. Qxf7+ Kxh6 43. Qxg6# 1-0

[Event "Rhone op"]
[Site "Marcy Etoile"]
[Date "2007.04.02"]
[Round "2"]
[White "Terpereau, Albin"]
[Black "Sanchez, Joseph"]
[Result "0-1"]
[WhiteElo "1990"]
[BlackElo "2497"]
[PlyCount "44"]
[EventDate "2007.04.01"]
[EventType "swiss"]
[EventRounds "9"]
[EventCountry "FRA"]
[SourceTitle "CBM 117 Extra"]
[Source "ChessBase"]
[SourceDate "2007.05.09"]
[SourceVersion "1"]
[SourceVersionDate "2007.05.09"]
[SourceQuality "1"]

1. e4 d5 2. exd5 Nf6 3. Bb5+ Bd7 4. Bxd7+ Qxd7 5. Nf3 Qxd5 6. 0-0 Nc6 7. Nc3 Qf5 8. d3 0-0-0 9. Qe2 e6 10. a3 h6 11. b4 Bd6 12. Ne4 Nxe4 13. Qxe4 Qh5 14. Bf4 Bxf4 15. Qxf4 g5 16. Qe3 g4 17. Nd2 Kb8 18. Rab1 f5 19. b5 Nd4 20. Qe5 Rhg8 21. Rbe1 Qg5 22. Qe3 Nxc2 0-1